Hidup tanpa stress : (Record no. 123167)

MARC details
000 -LEADER
fixed length control field 01046nam a2200313 i 4500
001 - CONTROL NUMBER
control field C2-0322944
003 - CONTROL NUMBER IDENTIFIER
control field PPAK
005 - DATE AND TIME OF LATEST TRANSACTION
control field 20210613123130.0
008 - FIXED-LENGTH DATA ELEMENTS--GENERAL INFORMATION
fixed length control field 130918s2013 my a j | 0 may d
020 ## - INTERNATIONAL STANDARD BOOK NUMBER
International Standard Book Number 9789671134924
Qualifying information paperback
040 ## - CATALOGING SOURCE
Original cataloging agency PPAK
Language of cataloging eng
Transcribing agency PPAK
Description conventions rda
082 04 - DEWEY DECIMAL CLASSIFICATION NUMBER
Classification number 153.8
Edition number 23
090 00 - LOCALLY ASSIGNED LC-TYPE CALL NUMBER (OCLC); LOCAL CALL NUMBER (RLIN)
Classification number (OCLC) (R) ; Classification number, CALL (RLIN) (NR) 153.8
Feature heading HID
Feature heading K
245 00 - TITLE STATEMENT
Title Hidup tanpa stress :
Number of part/section of a work Jilid 2 /
Statement of responsibility, etc. Editor : Shamila Pathmanathan, Nor Aslina Mamat, Faudziah Bedu, Lily Tay
264 #1 - PRODUCTION, PUBLICATION, DISTRIBUTION, MANUFACTURE, AND COPYRIGHT NOTICE
Place of production, publication, distribution, manufacture Seri Kembangan, Selangor :
Name of producer, publisher, distributor, manufacturer Mindamax,
Date of production, publication, distribution, manufacture, or copyright notice 2013
300 ## - PHYSICAL DESCRIPTION
Extent 86 pages :
Other physical details colour illustrations ;
Dimensions 22 cm
336 ## - CONTENT TYPE
Source rdacontent
Content type term text
337 ## - MEDIA TYPE
Source rdamedia
Media type term unmediated
338 ## - CARRIER TYPE
Source rdacarrier
Carrier type term volume
490 1# - SERIES STATEMENT
Series statement Siri jati diri
650 10 - SUBJECT ADDED ENTRY--TOPICAL TERM
Topical term or geographic name entry element Self-actualization (Psychology)
Form subdivision Juvenile literature
Topical term or geographic name entry element Motivation (Psychology)
Form subdivision Juvenile literature.
700 0# - ADDED ENTRY--PERSONAL NAME
Personal name Shamila Pathmanathan,
Relator term editor.
Personal name Nor Aslina Mamat,
Relator term editor.
Personal name Faudziah Bedu,
Relator term editor.
Personal name Lily, Tay ,
Relator term editor.
830 #0 - SERIES ADDED ENTRY--UNIFORM TITLE
Uniform title Siri jati diri
942 ## - ADDED ENTRY ELEMENTS (KOHA)
Koha item type Book
Source of classification or shelving scheme Dewey Decimal Classification
Holdings
Withdrawn Not for loan Current library Shelving location Date acquired Full call number Barcode Date last seen Koha item type
    Perpustakaan Alor Setar Pinjaman Kanak-kanak 18/09/2013 K 153.8 HID A01422890 09/05/2018 Book
    Perpustakaan Alor Setar Pinjaman Kanak-kanak 18/09/2013 K 153.8 HID A01422891 09/05/2018 Book